Fußball: Bundesliga-Brüder - Statistiken

Allgemein
  • Dieses Quiz wurde 220 mal gespielt
  • Das Durchschnittsergebnis liegt bei 11 aus 14
Antwortstatistiken
% Korrekt
Boateng
97%
Kroos
97%
Bender
96%
Hoeneß
93%
Khedira
93%
Schlotterbeck
92%
Kovac
87%
Altintop
86%
Dardai
81%
Funkel
77%
Eggestein
74%
Allofs
64%
Förster
34%
Kremers
20%
Keine übereinstimmenden Quizze gefunden
Verteilung der Resultate
Anzahl Personen mit jedem Resultat
Perzentil nach korrekt beantworteten Fragen
Ihre Resultats-Entwicklung
Sie haben dieses Quiz noch nicht gespielt